000 00497nam a2200193 a 4500
001 1765978162608
003 ACL
005 20251217190123.0
008 251217s2009##################000#0#eng##
020 _a9781580403023
082 0 4 _a641.56314
_bSEL
100 1 _aSeelig-Brown, Barbara,
_eauthor.
245 1 0 _aThe Diabetes Seafood Cookbook :
260 _bAmerican Diabetes Association,
_c2009.
300 _a194 pages
650 0 _aCooking.
942 _cENGLISH
040 _aACL
_beng
_cACL
999 _c603106
_d603106